[Event "Wuerttemberg-chT Rapid"]
[Site "Boeblingen"]
[Date "2024.04.13"]
[Round "3.2"]
[White "Deuer, Marius"]
[Black "Weiss, Oliver"]
[Result "1-0"]
[WhiteElo "2439"]
[BlackElo "2220"]
[PlyCount "43"]
[EventDate "2024.04.13"]
[EventType "team-tourn"]
[EventRounds "9"]
[EventCountry "GER"]
[SourceTitle "CBM 219 Extra"]
[Source "ChessBase"]
[SourceDate "2024.05.31"]
[SourceVersion "1"]
[SourceVersionDate "2024.05.31"]
[SourceQuality "1"]

1. d4 e6 2. c4 Nf6 3. Nc3 Bb4 4. e3 b6 5. Nge2 Ba6 6. a3 Be7 7. Nf4 d5 8. cxd5 Bxf1 9. Kxf1 exd5 10. g4 h6 11. h4 c6 12. Qf3 Qc8 13. g5 Qg4 14. Qxg4 Nxg4 15. Rg1 hxg5 16. hxg5 f5 17. f3 Nh2+ 18. Kf2 Nd7 19. Bd2 Rh7 20. Rh1 0-0-0 21. Kg2 Rdh8 22. Ng6 1-0

[Event "Wuerttemberg-chT Rapid"]
[Site "Boeblingen"]
[Date "2024.04.13"]
[Round "6.6"]
[White "Weiss, Oliver"]
[Black "Ramirez Marin, Ivan"]
[Result "1-0"]
[WhiteElo "2220"]
[BlackElo "2271"]
[PlyCount "67"]
[EventDate "2024.04.13"]
[EventType "team-tourn"]
[EventRounds "9"]
[EventCountry "GER"]
[SourceTitle "CBM 219 Extra"]
[Source "ChessBase"]
[SourceDate "2024.05.31"]
[SourceVersion "1"]
[SourceVersionDate "2024.05.31"]
[SourceQuality "1"]

1. d4 d5 2. Bf4 c5 3. e3 Nc6 4. c3 Bf5 5. Qb3 Qd7 6. Nf3 e6 7. Bb5 f6 8. 0-0 c4 9. Qa4 Nge7 10. b3 cxb3 11. axb3 g5 12. Bg3 h5 13. h4 gxh4 14. Nxh4 Kf7 15. Nd2 Bh6 16. Be2 Bg4 17. Bd3 Rag8 18. Rae1 e5 19. dxe5 Nxe5 20. Bb5 N5c6 21. Ndf3 a6 22. Bd3 Be6 23. e4 Rg4 24. Qa2 d4 25. cxd4 Nxd4 26. Bc4 Bxc4 27. bxc4 Nxf3+ 28. Nxf3 Kg7 29. e5 Rf8 30. exf6+ Rxf6 31. Ne5 Qd2 32. Qxd2 Bxd2 33. Nxg4 Bxe1 34. Nxf6 1-0

[Event "Oberliga Wuerttemberg 1819"]
[Site "Wuerttemberg"]
[Date "2019.01.13"]
[Round "5"]
[White "Dabo Peranic, Robert"]
[Black "Weiss, Oliver"]
[Result "1-0"]
[WhiteElo "2328"]
[BlackElo "2285"]
[PlyCount "67"]
[EventDate "2018.09.23"]
[EventType "team-tourn"]
[EventRounds "9"]
[EventCountry "GER"]
[SourceTitle "EXT 2020"]
[Source "ChessBase"]
[SourceDate "2019.10.17"]
[SourceVersion "1"]
[SourceVersionDate "2019.10.17"]
[SourceQuality "1"]
[WhiteTeam "Deizisau II"]
[BlackTeam "Biberach"]
[WhiteTeamCountry "GER"]
[BlackTeamCountry "GER"]

1. e4 e6 2. d4 d5 3. Nc3 Bb4 4. e5 c5 5. a3 Bxc3+ 6. bxc3 Nc6 7. Qg4 g6 8. Nf3 Qa5 9. Bd2 Qa4 10. Be2 c4 11. 0-0 Qxc2 12. Bd1 Qb2 13. Ba4 Qb6 14. Rfb1 Qc7 15. Bg5 Bd7 16. Bxc6 bxc6 17. Rb4 Rb8 18. Rab1 Rb6 19. h3 Rb5 20. a4 Rxb4 21. Rxb4 a5 22. Rb1 c5 23. dxc5 Bxa4 24. Nd4 Ne7 25. Bf6 Rf8 26. Qh4 Nf5 27. Nxf5 gxf5 28. Rb6 Bc6 29. Bg7 a4 30. Qh6 Rg8 31. Qxh7 Rxg7 32. Qh8+ Ke7 33. Rb8 Qxb8 34. Qxb8 1-0

[Event "Oberliga Wuerttemberg 1819"]
[Site "Wuerttemberg"]
[Date "2018.09.23"]
[Round "1"]
[White "Kraus, Tomas"]
[Black "Weiss, Oliver"]
[Result "1-0"]
[WhiteElo "2448"]
[BlackElo "2285"]
[PlyCount "83"]
[EventDate "2018.09.23"]
[EventType "team-tourn"]
[EventRounds "9"]
[EventCountry "GER"]
[SourceTitle "EXT 2020"]
[Source "ChessBase"]
[SourceDate "2019.10.17"]
[SourceVersion "1"]
[SourceVersionDate "2019.10.17"]
[SourceQuality "1"]
[WhiteTeam "Weiler im Allgaeu"]
[BlackTeam "Biberach"]
[WhiteTeamCountry "GER"]
[BlackTeamCountry "GER"]

1. c4 e6 2. Nc3 b6 3. Nf3 Bb7 4. g3 Nf6 5. Bg2 Be7 6. 0-0 0-0 7. d4 Ne4 8. Bd2 f5 9. d5 Bf6 10. Rc1 Nxd2 11. Qxd2 e5 12. e4 g6 13. d6 fxe4 14. dxc7 Qxc7 15. Ng5 Bxg5 16. Qxg5 Nc6 17. Nb5 Qd8 18. Qd2 Ba6 19. Qd5+ Kg7 20. Bxe4 Rb8 21. Rcd1 Rf7 22. Qd6 Qe7 23. Bxc6 dxc6 24. Qxb8 cxb5 25. cxb5 Bxb5 26. Rfe1 e4 27. Qd6 Qxd6 28. Rxd6 Rc7 29. Rd2 Re7 30. Rd4 Bc6 31. Re3 Rf7 32. h4 Kf8 33. Rc3 Bb7 34. Kf1 Kg7 35. Ke1 Kf6 36. Rdc4 Bd5 37. Rc7 Bxa2 38. Rxf7+ Bxf7 39. Rc7 h5 40. Rxa7 Bc4 41. Rc7 Bd5 42. Kd2 1-0

[Event "Staufer op-A 30th"]
[Site "Schwaebisch Gmuend"]
[Date "2018.01.06"]
[Round "9"]
[White "Weiss, Oliver"]
[Black "Keinanen, Anastasia"]
[Result "1-0"]
[WhiteElo "2280"]
[BlackElo "2033"]
[PlyCount "65"]
[EventDate "2018.01.02"]
[EventType "swiss"]
[EventRounds "9"]
[EventCountry "GER"]
[SourceTitle "CBM 182 Extra"]
[Source "ChessBase"]
[SourceDate "2018.02.23"]
[SourceVersion "1"]
[SourceVersionDate "2018.02.23"]
[SourceQuality "1"]

1. d4 d5 2. Bf4 Nf6 3. e3 c5 4. Nc3 e6 5. Nb5 Na6 6. c3 Be7 7. h3 0-0 8. Nf3 Bd7 9. a4 Bxb5 10. axb5 Nb8 11. Be2 Nbd7 12. 0-0 Qb6 13. Ra2 c4 14. b3 Qxb5 15. Nd2 Rfc8 16. Qa1 a5 17. Rb1 Qa6 18. bxc4 dxc4 19. Rab2 b6 20. Rb5 Nd5 21. Bf3 N7f6 22. Be5 Bd8 23. e4 Nb4 24. Qa4 Nd3 25. Bg3 Ra7 26. Nxc4 Nb4 27. Be2 Nxe4 28. Rxa5 b5 29. Rxa6 bxa4 30. Rxa7 Nxc3 31. Rxb4 Nxe2+ 32. Kh2 Nxd4 33. Rbxa4 1-0

[Event "Staufer op-A 30th"]
[Site "Schwaebisch Gmuend"]
[Date "2018.01.02"]
[Round "1"]
[White "Thomas, Ingo"]
[Black "Weiss, Oliver"]
[Result "1/2-1/2"]
[WhiteElo "2086"]
[BlackElo "2280"]
[PlyCount "64"]
[EventDate "2018.01.02"]
[EventType "swiss"]
[EventRounds "9"]
[EventCountry "GER"]
[SourceTitle "CBM 182 Extra"]
[Source "ChessBase"]
[SourceDate "2018.02.23"]
[SourceVersion "1"]
[SourceVersionDate "2018.02.23"]
[SourceQuality "1"]

1. e4 e6 2. d4 d5 3. Nd2 Nc6 4. Ngf3 Nf6 5. e5 Nd7 6. c4 dxc4 7. Nxc4 Nb6 8. Be2 Nb4 9. 0-0 Be7 10. a3 N4d5 11. Qc2 Nxc4 12. Bxc4 Bd7 13. Qe4 Nb6 14. Bd3 Bc6 15. Qg4 Bxf3 16. gxf3 g6 17. Be3 a5 18. Bh6 c6 19. Be4 Nd5 20. Rfd1 Qb6 21. Rd2 a4 22. Rc1 Qb3 23. Bd3 Qb6 24. Qe4 Bf8 25. Bg5 h6 26. Be3 Be7 27. Bc4 Qd8 28. Kh1 Bg5 29. Rg1 Be7 30. Rc1 Qa5 31. Rdc2 Nb6 32. Bd2 Qa7 1/2-1/2

[Event "Oberliga Wuerttemberg 1718"]
[Site "Wuerttemberg"]
[Date "2017.10.22"]
[Round "3"]
[White "Weiss, Oliver"]
[Black "Trachtmann, Mark"]
[Result "1/2-1/2"]
[WhiteElo "2285"]
[BlackElo "2273"]
[PlyCount "47"]
[EventDate "2017.09.17"]
[EventType "team-tourn"]
[EventRounds "9"]
[EventCountry "GER"]
[SourceTitle "EXT 2019"]
[Source "ChessBase"]
[SourceDate "2018.10.10"]
[SourceVersion "1"]
[SourceVersionDate "2018.10.10"]
[SourceQuality "1"]
[WhiteTeam "Biberach"]
[BlackTeam "Schmiden Cannstatt"]
[WhiteTeamCountry "GER"]
[BlackTeamCountry "GER"]

1. d4 e6 2. Nf3 Nf6 3. Nbd2 d5 4. e3 c5 5. c3 Qb6 6. Bd3 Bd7 7. Qe2 a6 8. a4 Bc6 9. Ne5 Nbd7 10. f4 Bd6 11. Qf3 g6 12. g4 h5 13. gxh5 gxh5 14. Rg1 cxd4 15. a5 Qc7 16. exd4 Bf8 17. Qe2 Bh6 18. Ndf3 Nxe5 19. fxe5 Bxc1 20. Rxc1 Ne4 21. b4 Qe7 22. Bxe4 dxe4 23. Ng5 0-0-0 24. Qe3 1/2-1/2

[Event "Oberliga Wuerttemberg 1718"]
[Site "Wuerttemberg"]
[Date "2017.10.08"]
[Round "2"]
[White "Weiss, Oliver"]
[Black "Lukovic, Vladimir"]
[Result "1/2-1/2"]
[WhiteElo "2285"]
[BlackElo "2442"]
[PlyCount "75"]
[EventDate "2017.09.17"]
[EventType "team-tourn"]
[EventRounds "9"]
[EventCountry "GER"]
[SourceTitle "EXT 2019"]
[Source "ChessBase"]
[SourceDate "2018.10.10"]
[SourceVersion "1"]
[SourceVersionDate "2018.10.10"]
[SourceQuality "1"]
[WhiteTeam "Biberach"]
[BlackTeam "Jedesheim"]
[WhiteTeamCountry "GER"]
[BlackTeamCountry "GER"]

1. d4 d5 2. Bf4 Nf6 3. e3 c5 4. c3 Qb6 5. Qb3 c4 6. Qc2 g6 7. f3 Bf5 8. e4 dxe4 9. g4 Be6 10. fxe4 Nxe4 11. Qxe4 Qxb2 12. Bg2 Nc6 13. d5 Bxd5 14. Qxd5 Rd8 15. Qe4 Rd3 16. Nh3 Qxa1 17. 0-0 Qxa2 18. Be5 Rg8 19. Nf4 Rd7 20. Nd5 Qa5 21. Nf6+ exf6 22. Bc7+ Re7 23. Qxc6+ bxc6 24. Bxc6+ Rd7 25. Bxa5 Bc5+ 26. Kg2 Ke7 27. Bxd7 Kxd7 28. Rxf6 Rb8 29. Bb4 Bxb4 30. cxb4 Rxb4 31. Nc3 Rb3 32. Na4 Ra3 33. Nc5+ Ke7 34. Rc6 Ra2+ 35. Kg3 Ra3+ 36. Kg2 Ra2+ 37. Kg3 Ra3+ 38. Kg2 1/2-1/2

[Event "Oberliga Wuerttemberg 1617"]
[Site "Wuerttemberg"]
[Date "2016.09.25"]
[Round "1.2"]
[White "Jurek, Josef"]
[Black "Weiss, Oliver"]
[Result "1/2-1/2"]
[WhiteElo "2295"]
[BlackElo "2299"]
[PlyCount "60"]
[EventDate "2016.09.25"]
[EventType "team-tourn"]
[EventRounds "11"]
[EventCountry "GER"]
[SourceTitle "EXT 2019"]
[Source "ChessBase"]
[SourceDate "2018.10.10"]
[SourceVersion "1"]
[SourceVersionDate "2018.10.10"]
[SourceQuality "1"]
[WhiteTeam "Schwaebisch Gmuend"]
[BlackTeam "Biberach"]
[WhiteTeamCountry "GER"]
[BlackTeamCountry "GER"]

1. Nf3 Nf6 2. c4 e6 3. g3 d5 4. Bg2 Be7 5. 0-0 0-0 6. d4 dxc4 7. Qc2 a6 8. a4 Nc6 9. Qxc4 Qd5 10. Nbd2 Rd8 11. e3 Rb8 12. b3 Qxc4 13. Nxc4 Bd7 14. Bb2 Nd5 15. Rfd1 Be8 16. Rac1 b5 17. axb5 Rxb5 18. Nfd2 Ndb4 19. Ba3 f6 20. Bxb4 Nxb4 21. Na3 Rbb8 22. Rxc7 Bd6 23. Ra7 Bg6 24. Nac4 Bf8 25. Be4 Bxe4 26. Nxe4 e5 27. d5 Rxd5 28. Rxd5 Nxd5 29. Rxa6 Rxb3 30. Ncd6 Rb8 1/2-1/2

[Event "St Veit op-A 35th"]
[Site "St Veit"]
[Date "2016.07.15"]
[Round "8"]
[White "Bosiocic, Marin"]
[Black "Weiss, Oliver"]
[Result "1-0"]
[WhiteElo "2607"]
[BlackElo "2271"]
[PlyCount "72"]
[EventDate "2016.07.09"]
[EventType "swiss"]
[EventRounds "9"]
[EventCountry "AUT"]
[SourceTitle "EXT 2017"]
[Source "ChessBase"]
[SourceDate "2016.10.25"]
[SourceVersion "1"]
[SourceVersionDate "2016.10.25"]
[SourceQuality "1"]

1. e4 e6 2. d4 d5 3. Nc3 Bb4 4. e5 c5 5. a3 Bxc3+ 6. bxc3 Nc6 7. Qg4 g6 8. a4 Qa5 9. Bd2 Bd7 10. Nf3 c4 11. Qf4 h6 12. h4 Rh7 13. g4 0-0-0 14. g5 h5 15. Bh3 Nce7 16. 0-0 Bxa4 17. Rfb1 b5 18. Qe3 Kd7 19. Bc1 Ke8 20. Nd2 Kf8 21. Nb3 cxb3 22. cxb3 Kg7 23. bxa4 bxa4 24. Ba3 Nc8 25. Rb7 Kh8 26. Bf1 Re8 27. Bb5 Re7 28. Bxe7 Ngxe7 29. Rxa4 Qd8 30. Qf4 Nf5 31. Bd3 Qe8 32. Ra6 Rg7 33. Bxf5 gxf5 34. Qf3 Rh7 35. Qe2 Ne7 36. Rbxa7 Ng6 1-0

[Event "St Veit op-A 35th"]
[Site "St Veit"]
[Date "2016.07.13"]
[Round "6"]
[White "Mazi, Leon"]
[Black "Weiss, Oliver"]
[Result "0-1"]
[WhiteElo "2379"]
[BlackElo "2271"]
[PlyCount "144"]
[EventDate "2016.07.09"]
[EventType "swiss"]
[EventRounds "9"]
[EventCountry "AUT"]
[SourceTitle "EXT 2017"]
[Source "ChessBase"]
[SourceDate "2016.10.25"]
[SourceVersion "1"]
[SourceVersionDate "2016.10.25"]
[SourceQuality "1"]

1. e4 e6 2. d4 d5 3. Nc3 Bb4 4. e5 c5 5. a3 Bxc3+ 6. bxc3 Nc6 7. Qg4 g6 8. Qf4 Qa5 9. Bd2 c4 10. Nf3 h6 11. Be2 Qa4 12. Ra2 Rh7 13. h3 Bd7 14. Nh2 0-0-0 15. Ng4 Kb8 16. 0-0 Ka8 17. Rb1 Bc8 18. Qf3 g5 19. Nf6 Nxf6 20. Qxf6 Qa5 21. Bh5 Rg8 22. Be1 Qd8 23. Qxd8 Rxd8 24. f4 Rg8 25. Bd2 gxf4 26. Bxf4 Ne7 27. Rf1 Nf5 28. Kh2 Bd7 29. Rf2 Be8 30. Ra1 Ng7 31. Bf3 Nf5 32. Rg1 h5 33. g3 h4 34. g4 Ne7 35. Bd2 a6 36. Be2 Ba4 37. Rgf1 Rgg7 38. Bd1 Ka7 39. Rf6 Ng6 40. Kg2 Kb6 41. Kf2 Ka7 42. Ke1 Nh8 43. Bh6 Rg6 44. g5 Rxf6 45. Rxf6 Ng6 46. Kd2 Be8 47. Bg4 Kb8 48. Rf1 Kc7 49. Ke3 Ba4 50. Rf2 Be8 51. Rf1 Ba4 52. Kd2 Be8 53. Bh5 Ne7 54. Bf8 Nf5 55. Bg4 Ng3 56. Bd6+ Kc6 57. Rf4 Ne4+ 58. Rxe4 dxe4 59. Ke3 Kd5 60. Be7 Ba4 61. Bd1 Rh8 62. Kf4 a5 63. Bf6 Rb8 64. Bh5 Be8 65. Kg4 b5 66. Be7 b4 67. cxb4 axb4 68. Bxb4 Kxd4 69. Kf4 c3 70. Be2 Ba4 71. Bh5 Rb7 72. Bd1 e3 0-1

[Event "St Veit op-A 35th"]
[Site "St Veit"]
[Date "2016.07.10"]
[Round "3"]
[White "Weiss, Oliver"]
[Black "Womacka, Mathias"]
[Result "1/2-1/2"]
[WhiteElo "2271"]
[BlackElo "2420"]
[PlyCount "96"]
[EventDate "2016.07.09"]
[EventType "swiss"]
[EventRounds "9"]
[EventCountry "AUT"]
[SourceTitle "EXT 2017"]
[Source "ChessBase"]
[SourceDate "2016.10.25"]
[SourceVersion "1"]
[SourceVersionDate "2016.10.25"]
[SourceQuality "1"]

1. d4 Nf6 2. Bg5 Ne4 3. Bf4 c5 4. f3 Qa5+ 5. c3 Nf6 6. d5 Qb6 7. Bc1 e6 8. e4 exd5 9. exd5 Bd6 10. Na3 0-0 11. Bd3 Re8+ 12. Ne2 Bf8 13. Nc4 Qa6 14. Ne3 b5 15. c4 bxc4 16. Bxc4 Qb6 17. 0-0 Ba6 18. Qd3 d6 19. Nc3 Bxc4 20. Nxc4 Qa6 21. Bf4 Nbd7 22. Rad1 Nh5 23. Bc1 Nb6 24. b3 g6 25. Ne4 Nxc4 26. bxc4 Bg7 27. f4 Nf6 28. Nxf6+ Bxf6 29. a3 Bd4+ 30. Kh1 f5 31. g4 Qc8 32. Rde1 Qd7 33. Bd2 fxg4 34. f5 Rxe1 35. Bxe1 Rf8 36. fxg6 Rxf1+ 37. Qxf1 hxg6 38. Qe2 Be5 39. Kg2 Qh7 40. Bg3 Qh3+ 41. Kg1 Bxg3 42. Qe8+ Kg7 43. Qe7+ Kh6 44. Qe3+ Bf4 45. Qxf4+ Kh5 46. Qxd6 Qe3+ 47. Kg2 Qe2+ 48. Kg1 Qe3+ 1/2-1/2

[Event "Verbandsliga Nordbaden 1516"]
[Site "Baden"]
[Date "2016.04.17"]
[Round "9.4"]
[White "Weiss, Oliver"]
[Black "Bitsch, Torsten"]
[Result "0-1"]
[WhiteElo "2268"]
[BlackElo "2015"]
[PlyCount "84"]
[EventDate "2015.09.27"]
[EventType "team-tourn"]
[EventRounds "9"]
[EventCountry "GER"]
[SourceTitle "EXT 2022"]
[Source "ChessBase"]
[SourceDate "2021.10.06"]
[SourceVersion "1"]
[SourceVersionDate "2021.10.06"]
[SourceQuality "1"]
[WhiteTeam "Hockenheim II"]
[BlackTeam "Viernheim II"]
[WhiteTeamCountry "GER"]
[BlackTeamCountry "GER"]

1. d4 c5 2. d5 d6 3. c4 e5 4. e4 Nf6 5. Nc3 Be7 6. f4 exf4 7. Bxf4 0-0 8. Nf3 Re8 9. Bd3 a6 10. 0-0 Bg4 11. h3 Bh5 12. Qb3 Bxf3 13. Rxf3 Qc7 14. Re1 Nbd7 15. Rfe3 Nh5 16. Bh2 Bg5 17. Rf3 Ne5 18. Bxe5 Rxe5 19. Ref1 Rf8 20. a3 g6 21. g4 Ng7 22. Kg2 Qd7 23. Qc2 Bh4 24. Ne2 h5 25. gxh5 Nxh5 26. Kh2 Qe7 27. Nf4 Rg5 28. Nxh5 Rxh5 29. Qc3 Re5 30. Qd2 Bg5 31. Qf2 Bh6 32. b4 b6 33. Rg1 Bg7 34. bxc5 bxc5 35. Rb1 Rh5 36. Rb3 Rg5 37. Kh1 Bd4 38. Qd2 Rg1+ 39. Kh2 Ra1 40. Bb1 Qe5+ 41. Qf4 Qxf4+ 42. Rxf4 Be5 0-1

[Event "Oberliga Wuerttemberg 1516"]
[Site "Wuerttemberg"]
[Date "2016.02.21"]
[Round "7.3"]
[White "Benkovic, Petar"]
[Black "Weiss, Oliver"]
[Result "1-0"]
[WhiteElo "2341"]
[BlackElo "2232"]
[PlyCount "101"]
[EventDate "2015.09.20"]
[EventType "team-tourn"]
[EventRounds "9"]
[EventCountry "GER"]
[SourceTitle "EXT 2019"]
[Source "ChessBase"]
[SourceDate "2018.10.10"]
[SourceVersion "1"]
[SourceVersionDate "2018.10.10"]
[SourceQuality "1"]
[WhiteTeam "Stuttgart SF"]
[BlackTeam "Biberach"]
[WhiteTeamCountry "GER"]
[BlackTeamCountry "GER"]

1. Nf3 Nf6 2. c4 e6 3. Nc3 Bb4 4. Qc2 Nc6 5. a3 Bxc3 6. Qxc3 0-0 7. b4 d6 8. Bb2 e5 9. d3 Bg4 10. e3 Bxf3 11. gxf3 d5 12. cxd5 Nxd5 13. Qc5 a6 14. Rc1 Qd7 15. Rg1 f6 16. d4 Rad8 17. Bc4 Kh8 18. Bxd5 Qxd5 19. Qxd5 Rxd5 20. dxe5 fxe5 21. f4 Rf7 22. fxe5 Nxe5 23. Bxe5 Rxe5 24. Ke2 Rh5 25. Rg2 a5 26. Rc4 Rd7 27. h4 Rhd5 28. bxa5 Rxa5 29. a4 Rad5 30. f4 Kg8 31. Kf3 Rd3 32. Rb2 b6 33. Rbc2 Re7 34. Re4 Rxe4 35. Kxe4 Rd7 36. Rc6 g6 37. Ke5 Kf7 38. e4 Re7+ 39. Kd4 Ke8 40. e5 Rd7+ 41. Ke4 Kf8 42. e6 Re7 43. Ke5 Ke8 44. Kf6 Kd8 45. h5 Re8 46. hxg6 Rf8+ 47. Kg7 Rxf4 48. gxh7 Rg4+ 49. Kf6 Rh4 50. e7+ Kd7 51. Rc1 1-0

[Event "Verbandsliga Nordbaden 1415"]
[Site "Baden"]
[Date "2014.11.23"]
[Round "3.6"]
[White "Weiss, Oliver"]
[Black "Geyer, Bernhard"]
[Result "1-0"]
[WhiteElo "2268"]
[BlackElo "2183"]
[PlyCount "77"]
[EventDate "2014.10.12"]
[EventType "team-tourn"]
[EventRounds "9"]
[EventCountry "GER"]
[SourceTitle "EXT 2022"]
[Source "ChessBase"]
[SourceDate "2021.10.06"]
[SourceVersion "1"]
[SourceVersionDate "2021.10.06"]
[SourceQuality "1"]
[WhiteTeam "Hockenheim II"]
[BlackTeam "Ladenburg"]
[WhiteTeamCountry "GER"]
[BlackTeamCountry "GER"]

1. Nf3 d5 2. c4 e6 3. d4 Nf6 4. Nc3 Nbd7 5. Bf4 c6 6. e3 h6 7. Bd3 Nh5 8. Bg3 Nxg3 9. hxg3 Bd6 10. Rc1 Qe7 11. 0-0 0-0 12. Nh4 g5 13. Nf3 f5 14. Qc2 Qf6 15. a3 Kg7 16. b4 dxc4 17. Bxc4 a5 18. Qb3 g4 19. Nd2 axb4 20. axb4 e5 21. d5 Nb6 22. Qb1 Bd7 23. dxc6 bxc6 24. b5 Rfb8 25. Qd3 Bb4 26. bxc6 Bxc6 27. Rfd1 Rd8 28. Qb1 Ba3 29. Rc2 Rdb8 30. Ba2 Na4 31. Nb3 Nc5 32. Nd5 Bxd5 33. Rxd5 Ne4 34. Rc7+ Kh8 35. Qc2 Bd6 36. Rc6 Qe6 37. Nc5 Rxa2 38. Qxa2 Qe7 39. Nxe4 1-0

[Event "Prague Summer op 1st"]
[Site "Prague"]
[Date "2014.08.16"]
[Round "9"]
[White "Weiss, Oliver"]
[Black "Fitzsimons, David"]
[Result "0-1"]
[WhiteElo "2238"]
[BlackElo "2363"]
[PlyCount "86"]
[EventDate "2014.08.09"]
[EventType "swiss"]
[EventRounds "9"]
[EventCountry "CZE"]
[SourceTitle "CBM 162 Extra"]
[Source "ChessBase"]
[SourceDate "2014.10.17"]
[SourceVersion "1"]
[SourceVersionDate "2014.10.17"]
[SourceQuality "1"]

1. d4 Nf6 2. Nf3 c5 3. e3 d5 4. c3 cxd4 5. exd4 Qc7 6. Qb3 Nc6 7. Bg5 e6 8. Nbd2 Bd6 9. Bd3 Bd7 10. Bh4 Nh5 11. 0-0 h6 12. c4 Na5 13. Qc3 dxc4 14. Nxc4 Nxc4 15. Bxc4 Rc8 16. Rac1 0-0 17. Rfe1 b5 18. Bf1 Qxc3 19. bxc3 g5 20. Bg3 Nxg3 21. hxg3 Rfd8 22. Ne5 Ba3 23. Rcd1 Be8 24. c4 bxc4 25. Bxc4 Kg7 26. Bb3 Bb2 27. d5 Bc3 28. Re3 exd5 29. Rxd5 Rxd5 30. Bxd5 Bd4 31. Re4 Rc1+ 32. Kh2 Bxf2 33. Nf3 Kf8 34. Re2 Bb6 35. Ne5 h5 36. g4 Rc5 37. Nxf7 Rxd5 38. Nh6 Bc7+ 39. g3 h4 40. Nf5 hxg3+ 41. Kh3 Rd1 42. Re7 Rh1+ 43. Kg2 Bc6+ 0-1

[Event "Prague Summer op 1st"]
[Site "Prague"]
[Date "2014.08.15"]
[Round "8"]
[White "Plischki, Sebastian"]
[Black "Weiss, Oliver"]
[Result "0-1"]
[WhiteElo "2410"]
[BlackElo "2238"]
[PlyCount "78"]
[EventDate "2014.08.09"]
[EventType "swiss"]
[EventRounds "9"]
[EventCountry "CZE"]
[SourceTitle "CBM 162 Extra"]
[Source "ChessBase"]
[SourceDate "2014.10.17"]
[SourceVersion "1"]
[SourceVersionDate "2014.10.17"]
[SourceQuality "1"]

1. d4 Nf6 2. Nf3 e6 3. c4 b6 4. a3 Bb7 5. Nc3 d5 6. cxd5 exd5 7. Qc2 a6 8. g3 Bd6 9. Bg2 Nbd7 10. 0-0 0-0 11. Nh4 g6 12. Bg5 Be7 13. Rad1 Rc8 14. Bh3 Ne4 15. Bxe7 Qxe7 16. Nf3 f5 17. e3 Ng5 18. Nxg5 Qxg5 19. b4 Qe7 20. Rc1 Nf6 21. Qb3 Qf7 22. Rc2 Rce8 23. Rfc1 Re7 24. a4 h5 25. b5 a5 26. Bg2 g5 27. Nb1 h4 28. Nd2 hxg3 29. hxg3 g4 30. Rc3 Qh7 31. Qc2 Rff7 32. Nc4 dxc4 33. Bxb7 Ne4 34. Rxc4 Qh3 35. Bd5 Kh8 36. Bxf7 Ng5 37. f4 Nf3+ 38. Kf2 Qh2+ 39. Kf1 Qg1+ 0-1

[Event "Prague Summer op 1st"]
[Site "Prague"]
[Date "2014.08.13"]
[Round "6"]
[White "Kulhanek, Tomas"]
[Black "Weiss, Oliver"]
[Result "1/2-1/2"]
[WhiteElo "2333"]
[BlackElo "2238"]
[PlyCount "97"]
[EventDate "2014.08.09"]
[EventType "swiss"]
[EventRounds "9"]
[EventCountry "CZE"]
[SourceTitle "CBM 162 Extra"]
[Source "ChessBase"]
[SourceDate "2014.10.17"]
[SourceVersion "1"]
[SourceVersionDate "2014.10.17"]
[SourceQuality "1"]

1. e4 e6 2. d4 d5 3. e5 c5 4. c3 Qb6 5. Nf3 Nc6 6. Be2 cxd4 7. cxd4 Nh6 8. Nc3 Nf5 9. Na4 Qa5+ 10. Kf1 Bd7 11. Bd2 Bb4 12. Bxb4 Qxb4 13. a3 Qe7 14. h4 h5 15. Rc1 0-0 16. Nc5 f6 17. exf6 Rxf6 18. Nxd7 Qxd7 19. Bb5 Qd6 20. Bxc6 bxc6 21. Qd2 Rb8 22. Kg1 Nh6 23. Rh3 Ng4 24. Qc3 Rc8 25. b4 a6 26. Re1 Qf4 27. Qc1 Qd6 28. Rg3 Rf5 29. Re2 Rcf8 30. Qe1 R8f6 31. Re5 Kf8 32. Qe2 a5 33. Qa6 Kg8 34. Qc8+ Rf8 35. Qxe6+ Qxe6 36. Rxe6 axb4 37. axb4 Rb8 38. Ne5 Nxe5 39. dxe5 Rxb4 40. Rxc6 Rxh4 41. Rc8+ Rf8 42. Rc5 Re4 43. Rxd5 Re1+ 44. Kh2 Rxf2 45. Rd8+ Rf8 46. Rxf8+ Kxf8 47. Rg5 h4 48. Kh3 Re4 49. Rg4 1/2-1/2

[Event "Prague Summer op 1st"]
[Site "Prague"]
[Date "2014.08.12"]
[Round "5"]
[White "Weiss, Oliver"]
[Black "Benes, Petr1"]
[Result "1-0"]
[WhiteElo "2238"]
[BlackElo "2058"]
[PlyCount "179"]
[EventDate "2014.08.09"]
[EventType "swiss"]
[EventRounds "9"]
[EventCountry "CZE"]
[SourceTitle "CBM 162 Extra"]
[Source "ChessBase"]
[SourceDate "2014.10.17"]
[SourceVersion "1"]
[SourceVersionDate "2014.10.17"]
[SourceQuality "1"]

1. d4 Nf6 2. Nf3 g6 3. Bg5 Bg7 4. Nbd2 c5 5. Bxf6 exf6 6. dxc5 0-0 7. Nb3 Re8 8. c3 f5 9. g3 Na6 10. Qd6 Bf8 11. Qd5 Qe7 12. e3 Nxc5 13. Nxc5 Qxc5 14. Qxc5 Bxc5 15. Rd1 Rb8 16. Bg2 b5 17. a3 a5 18. Rd5 Bf8 19. 0-0 d6 20. Nd4 Be6 21. Nxe6 fxe6 22. Rd3 d5 23. Ra1 Rec8 24. Bf1 Bg7 25. Ra2 Rc4 26. Kg2 Rc5 27. Be2 e5 28. Bd1 e4 29. Rd2 Kf7 30. Bb3 Ke6 31. Ra1 a4 32. Ba2 g5 33. Rad1 Rd8 34. f3 exf3+ 35. Kxf3 g4+ 36. Ke2 h5 37. Kd3 Ke5 38. Rf2 Rf8 39. Rdf1 Bh6 40. Bb1 Rc7 41. Ke2 Rcf7 42. Bd3 Bg5 43. Bxb5 Rb7 44. Bxa4 Rxb2+ 45. Kd3 Rb7 46. Bc6 Rbf7 47. a4 Kd6 48. Bb5 Kc5 49. Kd2 h4 50. Be2 hxg3 51. hxg3 Re7 52. Rxf5 Bxe3+ 53. Kc2 Rh8 54. Bb5 Rh2+ 55. Kb3 Bd2 56. R1f2 Rxf2 57. Rxf2 Be1 58. Rf8 Rc7 59. Rf4 Bxg3 60. Rxg4 Be5 61. Rg5 Kd6 62. Rg6+ Kc5 63. Re6 Bg7 64. Rg6 Be5 65. Rh6 Bg7 66. Rh5 Kb6 67. Rxd5 Bxc3 68. Rd6+ Kb7 69. Ba6+ Ka7 70. Bc4 Be5 71. Ra6+ Kb7 72. Re6 Bd4 73. Kb4 Bb6 74. Bd3 Rd7 75. Be4+ Ka7 76. a5 Bd8 77. Kb5 Kb8 78. a6 Re7 79. Rd6 Bc7 80. Rd4 Re6 81. Bb7 Rb6+ 82. Kc4 Bd6 83. Kd5 Bc7 84. Rg4 Rxb7 85. axb7 Kxb7 86. Rb4+ Ka8 87. Kc6 Bg3 88. Rg4 Be5 89. Kb6 Bd4+ 90. Rxd4 1-0